000 00911nam a2200253Ia 4500
003 OSt
005 20220923225224.0
006 a|||||r|||| 00| 0
007 ta
008 220922b |||||||| |||| 00| 0 pan d
020 _c550
024 _a260,667
037 _b541, 02/12/2011, H.K. Prakashan
_cTextual
040 _aARTS
_cARTS
_bpan
041 _2pan
_apan
082 _aP, 153Q0
100 _aਪ੍ਰੇਮ ਪ੍ਰਕਾF ਸਿੰਘ
245 0 _aਸਿਧਾਂਤਕ ਭਾFਾ ਵਿਗਿਆਨ
_b ਸੋਧਿਆ ਤੇ ਵਧਾਇਆ ਨਵੀਨ ਤਮ ਐਡੀFਨ
260 _aਪਟਿਆਲਾ
_b ਮਦਾਨ ਪਬਲੀਕੇFਨਗ਼
_c2010
300 _a504ਪੰ
_ccm.
650 _aਪੰਜਾਬੀ ਭਾFਾ
942 _hP, 153Q0
_cTEXL
_2CC
999 _c376816
_d376816